Harold & Kumar go to White Castle /
When hard working Harold and party loving Kumar go out in search of their favorite treat, the White Castle hamburger, their search turns into an all night adventure.
| Corporate Author: | |
|---|---|
| Other Authors: | , , , , , , , , , |
| Format: | Video DVD |
| Language: | English |
| Language Notes: | In English with optional English or Spanish subtitles. Closed-captioned. |
| Published: |
Los Angeles, CA :
New Line Home Entertainment,
2008.
|
| Edition: | Extreme unrated remastered [ed.], widescreen. |
| Subjects: |
MARC
| Tag | First Indicator | Second Indicator | Subfields |
|---|---|---|---|
| LEADER | 00000cgm a2200000La 4500 | ||
| 001 | in00002736152 | ||
| 005 | 20151202144005.0 | ||
| 007 | vd cvaizq | ||
| 008 | 080502s2008 cau090 e vleng d | ||
| 020 | |a 0780680154 | ||
| 020 | |a 9780780680159 | ||
| 024 | 1 | |a 00794043114243 | |
| 028 | 4 | 2 | |a 1000037690 |b New Line Home Entertainment |
| 035 | |a (OCoLC)ocn232647989 | ||
| 035 | |a (OCoLC)232647989 | ||
| 040 | |a BTCTA |c BTCTA |d OCLCG |d OCLCQ |d UtOrBLW | ||
| 041 | 1 | |a eng |j eng |j spa | |
| 049 | |a TXAM | ||
| 050 | 1 | 4 | |a PN1995.9.C55 |b H37 2008 |
| 082 | 0 | 4 | |a 791.43/72 |2 22 |
| 090 | |a PN1995.9.C55 |b H345 2008 | ||
| 245 | 0 | 0 | |a Harold & Kumar go to White Castle / |c produced by Greg Shapiro, Nathan Kahane ; directed by Danny Leiner ; written by Jon Hurwitz, Hayden Schlossberg. |
| 246 | 3 | |a Harold and Kumar go to White Castle | |
| 250 | |a Extreme unrated remastered [ed.], widescreen. | ||
| 264 | 1 | |a Los Angeles, CA : |b New Line Home Entertainment, |c 2008. | |
| 300 | |a 1 videodisc (90 min.) : |b sound, color ; |c 4 3/4 in. | ||
| 336 | |a two-dimensional moving image |b tdi |2 rdacontent | ||
| 337 | |a video |b v |2 rdamedia | ||
| 338 | |a videodisc |b vd |2 rdacarrier | ||
| 538 | |a DVD, Dolby digital 5.1 surround. | ||
| 538 | |a DVD-ROM minimum system requirements: InterActual compatible player (included on disc), Microsoft Windows 98 or higher, Microsoft IE 5.5 SP1, Macromedia Flash Player 7, and internet connection, a DVD-ROM drive, and a DirectShow-compatible DVD decoder. This DVD will not work in a CD-ROM drive, and the DVD-ROM features are not available on Apple Mac OS. | ||
| 546 | |a In English with optional English or Spanish subtitles. | ||
| 546 | |a Closed-captioned. | ||
| 511 | 1 | |a John Cho, Kal Penn, Neil Patrick Harris, Anthony Anderson, Fred Willard. | |
| 500 | |a Originally released as a motion picture in 2004. | ||
| 521 | 8 | |a MPAA rating: Unrated. | |
| 520 | |a When hard working Harold and party loving Kumar go out in search of their favorite treat, the White Castle hamburger, their search turns into an all night adventure. | ||
| 500 | |a Features: deleted scenes, outtakes, the art of the fart sound featurette, backseat interview with John Cho and Kal Penn, actor and filmmaker commentaries, exclusive sneak peek of "Harold & Kumar escape from Guantanamo Bay," "John Cho & Kal Penn's induction into the White Castle Craver's Hall of Fame" featurette. | ||
| 500 | |a Videorecording. | ||
| 610 | 2 | 0 | |a White Castle (Restaurant) |v Drama. |
| 650 | 0 | |a Quakers |v Drama. | |
| 655 | 7 | |a Comedy films. |2 lcgft | |
| 655 | 7 | |a Road films. |2 lcgft | |
| 655 | 7 | |a Video recordings for the hearing impaired. |2 lcgft | |
| 655 | 7 | |a Fiction films. |2 lcgft | |
| 655 | 7 | |a Feature films. |2 lcgft | |
| 700 | 1 | |a Shapiro, Greg. | |
| 700 | 1 | |a Kahane, Nathan. | |
| 700 | 1 | |a Hurwitz, Jon, |d 1977- | |
| 700 | 1 | |a Schlossberg, Hayden, |d 1978- | |
| 700 | 1 | |a Leiner, Danny. | |
| 700 | 1 | |a Cho, John, |d 1972- | |
| 700 | 1 | |a Penn, Kal, |d 1977- | |
| 700 | 1 | |a Harris, Neil Patrick, |d 1973- | |
| 700 | 1 | |a Anderson, Anthony, |d 1970- | |
| 700 | 1 | |a Willard, Fred, |d 1939- | |
| 710 | 2 | |a New Line Home Entertainment (Firm) | |
| 994 | |a C0 |b TXA | ||
| 948 | |a cataloged |b h |c 2011/11/11 |d c |e blrosas |f 9:21:06 am | ||
| 999 | |a MARS | ||
| 999 | f | f | |s 17b5a099-b9ab-34ca-a321-9ca13a4e210b |i 4d575884-795f-38d4-9100-120cd411cc28 |t 0 |
| 952 | f | f | |p dvd |a Texas A&M University |b College Station |c Sterling C. Evans Library |d Evans: Media and Reserves (Annex 1st floor) |t 0 |e PN1995.9.C55 H345 2008 |h Library of Congress classification |i video -- videodisc |m A14841318388 |
| 998 | f | f | |a PN1995.9.C55 H345 2008 |t 0 |l Evans: Media and Reserves (Annex 1st floor) |